00399cam a2200145ua 4500020002700000041001000027082002000037100002100057245008300078250001200161260005300173300001200226365001000238504000500248 a81 7254 031 0c75.00 aengh a028.702bSUB/GE aSubburaj, V K . aGeneral knowledge refresher and year book / cV K Subburaj.hTextual Documents a1 / b. aMadras : bSura college of competition , c1996. a467 ; . a75.00 a